<?xml version="1.0" encoding="UTF-8"?>
<record
    xmlns:xsi="http://www.w3.org/2001/XMLSchema-instance"
    xsi:schemaLocation="http://www.loc.gov/MARC21/slim http://www.loc.gov/standards/marcxml/schema/MARC21slim.xsd"
    xmlns="http://www.loc.gov/MARC21/slim">

  <leader>02700nam a2200517 a 4500</leader>
  <controlfield tag="001">000027280</controlfield>
  <controlfield tag="003">DO-SdBNP</controlfield>
  <controlfield tag="005">20170925104415.0</controlfield>
  <controlfield tag="007">000027280</controlfield>
  <controlfield tag="008">100407s2014    dr ad         000 0 spa d</controlfield>
  <datafield tag="020" ind1=" " ind2=" ">
    <subfield code="a">9789945888843</subfield>
  </datafield>
  <datafield tag="040" ind1=" " ind2=" ">
    <subfield code="a">BPMSU</subfield>
    <subfield code="b">spa</subfield>
    <subfield code="c">BPMSU</subfield>
  </datafield>
  <datafield tag="082" ind1=" " ind2="4">
    <subfield code="a">317.2932</subfield>
    <subfield code="b">P438es</subfield>
  </datafield>
  <datafield tag="245" ind1="0" ind2="0">
    <subfield code="a">Perfiles estad&#xED;sticos provinciales :</subfield>
    <subfield code="b">regiones Valdesia - Ozama /</subfield>
    <subfield code="c">presentaci&#xF3;n Pablo Tactuk.</subfield>
  </datafield>
  <datafield tag="260" ind1=" " ind2=" ">
    <subfield code="a">Santo Domingo :</subfield>
    <subfield code="b">ONE,</subfield>
    <subfield code="c">2014.</subfield>
  </datafield>
  <datafield tag="300" ind1=" " ind2=" ">
    <subfield code="a">169 p. :</subfield>
    <subfield code="b">il., diagr. ;</subfield>
    <subfield code="c">30 cm.</subfield>
  </datafield>
  <datafield tag="505" ind1="0" ind2=" ">
    <subfield code="t">Regi&#xF3;n Valdesia --</subfield>
    <subfield code="t">Azua -- </subfield>
    <subfield code="t">Peravia -- </subfield>
    <subfield code="t">San Crist&#xF3;bal -- </subfield>
    <subfield code="t">San Jos&#xE9; de Ocoa --</subfield>
    <subfield code="t">Regi&#xF3;n Ozama -- </subfield>
    <subfield code="t">Distrito Nacional -- </subfield>
    <subfield code="t">Santo Domingo.</subfield>
  </datafield>
  <datafield tag="651" ind1=" " ind2="4">
    <subfield code="a">AZUA, REP&#xDA;BLICA DOMINICANA</subfield>
    <subfield code="x">POBLACI&#xD3;N</subfield>
    <subfield code="x">ESTAD&#xCD;STICAS</subfield>
  </datafield>
  <datafield tag="651" ind1=" " ind2="4">
    <subfield code="a">AZUA, REP&#xDA;BLICA DOMINICANA</subfield>
    <subfield code="x">CONDICIONES ECON&#xD3;MICAS</subfield>
    <subfield code="x">ESTAD&#xCD;STICAS</subfield>
  </datafield>
  <datafield tag="651" ind1=" " ind2="4">
    <subfield code="a">AZUA, REP&#xDA;BLICA DOMINICANA</subfield>
    <subfield code="x">CONDICIONES SOCIALES</subfield>
    <subfield code="x">ESTAD&#xCD;STICAS</subfield>
  </datafield>
  <datafield tag="651" ind1=" " ind2="4">
    <subfield code="a">PERAVIA, REP&#xDA;BLICA DOMINICANA</subfield>
    <subfield code="x">POBLACI&#xD3;N</subfield>
    <subfield code="x">ESTAD&#xCD;STICAS</subfield>
  </datafield>
  <datafield tag="651" ind1=" " ind2="4">
    <subfield code="a">PERAVIA, REP&#xDA;BLICA DOMINICANA</subfield>
    <subfield code="x">CONDICIONES ECON&#xD3;MICAS</subfield>
    <subfield code="x">ESTAD&#xCD;STICAS</subfield>
  </datafield>
  <datafield tag="651" ind1=" " ind2="4">
    <subfield code="a">PERAVIA, REP&#xDA;BLICA DOMINICANA</subfield>
    <subfield code="x">CONDICIONES SOCIALES</subfield>
    <subfield code="x">ESTAD&#xCD;STICAS</subfield>
  </datafield>
  <datafield tag="651" ind1=" " ind2="4">
    <subfield code="a">SAN CRIST&#xD3;BAL, REP&#xDA;BLICA DOMINICANA</subfield>
    <subfield code="x">POBLACI&#xD3;N</subfield>
    <subfield code="x">ESTAD&#xCD;STICAS</subfield>
  </datafield>
  <datafield tag="651" ind1=" " ind2="4">
    <subfield code="a">SAN CRISTOBAL, REP&#xDA;BLICA DOMINICANA</subfield>
    <subfield code="x">CONDICIONES ECON&#xD3;MICAS</subfield>
    <subfield code="x">ESTAD&#xCD;STICAS</subfield>
  </datafield>
  <datafield tag="651" ind1=" " ind2="4">
    <subfield code="a">SAN CRIST&#xD3;BAL, REP&#xDA;BLICA DOMINICANA</subfield>
    <subfield code="x">CONDICIONES SOCIALES</subfield>
    <subfield code="x">ESTAD&#xCD;STICAS</subfield>
  </datafield>
  <datafield tag="651" ind1=" " ind2="4">
    <subfield code="a">SAN JOS&#xC9; DE OCOA, REP&#xDA;BLICA DOMINICANA</subfield>
    <subfield code="x">POBLACI&#xD3;N</subfield>
    <subfield code="x">ESTAD&#xCD;STICAS</subfield>
  </datafield>
  <datafield tag="651" ind1=" " ind2="4">
    <subfield code="a">SAN JOS&#xC9; DE OCOA, REP&#xDA;BLICA DOMINICANA</subfield>
    <subfield code="x">CONDICIONES ECON&#xD3;MICAS</subfield>
    <subfield code="x">ESTAD&#xCD;STICAS</subfield>
  </datafield>
  <datafield tag="651" ind1=" " ind2="4">
    <subfield code="a">SAN JOS&#xC9; DE OCOA, REP&#xDA;BLICA DOMINICANA</subfield>
    <subfield code="x">CONDICIONES SOCIALES</subfield>
    <subfield code="x">ESTAD&#xCD;STICAS</subfield>
  </datafield>
  <datafield tag="651" ind1=" " ind2="4">
    <subfield code="a">DISTRITO NACIONAL, REP&#xDA;BLICA DOMINICANA</subfield>
    <subfield code="x">POBLACI&#xD3;N</subfield>
    <subfield code="x">ESTAD&#xCD;STICAS</subfield>
  </datafield>
  <datafield tag="651" ind1=" " ind2="4">
    <subfield code="a">DISTRITO NACIONAL, REP&#xDA;BLICA DOMINICANA</subfield>
    <subfield code="x">CONDICIONES ECON&#xD3;MICAS</subfield>
    <subfield code="x">ESTAD&#xCD;STICAS</subfield>
  </datafield>
  <datafield tag="651" ind1=" " ind2="4">
    <subfield code="a">DISTRITO NACIONAL, REP&#xDA;BLICA DOMINICANA</subfield>
    <subfield code="x">CONDICIONES SOCIALES</subfield>
    <subfield code="x">ESTAD&#xCD;STICAS</subfield>
  </datafield>
  <datafield tag="651" ind1=" " ind2="4">
    <subfield code="a">SANTO DOMINGO, REP&#xDA;BLICA DOMINICANA</subfield>
    <subfield code="x">POBLACI&#xD3;N</subfield>
    <subfield code="x">ESTAD&#xCD;STICAS</subfield>
  </datafield>
  <datafield tag="651" ind1=" " ind2="4">
    <subfield code="a">SANTO DOMINGO, REP&#xDA;BLICA DOMINICANA</subfield>
    <subfield code="x">CONDICIONES ECON&#xD3;MICAS</subfield>
    <subfield code="x">ESTAD&#xCD;STICAS</subfield>
  </datafield>
  <datafield tag="651" ind1=" " ind2="4">
    <subfield code="a">SANTO DOMINGO, REP&#xDA;BLICA DOMINICANA</subfield>
    <subfield code="x">CONDICIONES SOCIALES</subfield>
    <subfield code="x">ESTAD&#xCD;STICAS</subfield>
  </datafield>
  <datafield tag="700" ind1="1" ind2="2">
    <subfield code="a">Tactuk, Pablo</subfield>
    <subfield code="e">pres.</subfield>
  </datafield>
  <datafield tag="710" ind1="1" ind2="2">
    <subfield code="a">Rep&#xFA;blica Dominicana. Oficina Nacional de Estad&#xED;stica</subfield>
  </datafield>
  <datafield tag="910" ind1=" " ind2=" ">
    <subfield code="a">Validado. Control de calidad MFF</subfield>
  </datafield>
  <datafield tag="930" ind1=" " ind2="1">
    <subfield code="l">BND01</subfield>
    <subfield code="m">LF1</subfield>
    <subfield code="8">20111011</subfield>
    <subfield code="f">01</subfield>
    <subfield code="p">HD</subfield>
    <subfield code="g">18976</subfield>
  </datafield>
  <datafield tag="942" ind1=" " ind2=" ">
    <subfield code="2">ddc</subfield>
    <subfield code="c">BK</subfield>
  </datafield>
  <datafield tag="945" ind1=" " ind2=" ">
    <subfield code="a">Inventariado, 2017/MFF</subfield>
  </datafield>
  <datafield tag="952" ind1=" " ind2=" ">
    <subfield code="0">0</subfield>
    <subfield code="1">0</subfield>
    <subfield code="2">ddc</subfield>
    <subfield code="4">0</subfield>
    <subfield code="7">0</subfield>
    <subfield code="8">CD</subfield>
    <subfield code="a">BPMET</subfield>
    <subfield code="b">BPMET</subfield>
    <subfield code="d">2015-08-26</subfield>
    <subfield code="l">0</subfield>
    <subfield code="o">317.2932     P438es</subfield>
    <subfield code="p">BPMSU15080488</subfield>
    <subfield code="r">2015-08-26</subfield>
    <subfield code="w">2015-08-26</subfield>
    <subfield code="y">BK</subfield>
  </datafield>
  <datafield tag="956" ind1=" " ind2=" ">
    <subfield code="a">BTAVAREZ</subfield>
    <subfield code="b">10</subfield>
    <subfield code="c">20111011</subfield>
    <subfield code="l">BND01</subfield>
    <subfield code="h">1004</subfield>
  </datafield>
  <datafield tag="956" ind1=" " ind2=" ">
    <subfield code="a">YLOCKWARD</subfield>
    <subfield code="b">10</subfield>
    <subfield code="c">20150216</subfield>
    <subfield code="l">BND01</subfield>
    <subfield code="h">1526</subfield>
  </datafield>
  <datafield tag="956" ind1=" " ind2=" ">
    <subfield code="a">MFILETO</subfield>
    <subfield code="b">40</subfield>
    <subfield code="c">20150309</subfield>
    <subfield code="l">BND01</subfield>
    <subfield code="h">1221</subfield>
  </datafield>
  <datafield tag="956" ind1=" " ind2=" ">
    <subfield code="a">VMATEO</subfield>
    <subfield code="b">10</subfield>
    <subfield code="c">20150826</subfield>
    <subfield code="l">BPMSU</subfield>
    <subfield code="h">00151</subfield>
  </datafield>
  <datafield tag="999" ind1=" " ind2=" ">
    <subfield code="c">8232</subfield>
    <subfield code="d">8232</subfield>
  </datafield>
</record>
